Statistics for BBC English As Heard By An American

Click here to take the quiz!

General Stats

  • This quiz has been taken 984 times
  • The average score is 8 of 22

Answer Stats

As HeardSuggested Usage?Intended Word% Correct
con DUMB?condom
84%
matta GAS ka?Madagascar
77%
hell e COP ter?helicopter
73%
oh balm her"The patient is complaining of skin irritation and requests we apply ointment."
"Oh? Balm her."
Obama
59%
past uhHave you ever in the past, uh, not remembered how to pronounced a word?pasta
58%
chai nurI don't think a chai nursery is such a good idea. Do you think kids ought to have that much caffeine?China
57%
a freakerWould you prefer to date a normal girl or do you want a freaker?Africa
56%
sahvietIf they can say "sahviet" then why is "pasta" so difficult?Soviet
52%
striggling?struggling
46%
fensiveThe Minutemen in the southern states are feeling quite fensive.offensive
44%
GLASSierThe drug addicts' eyes appeared glassier than usual.glacier
35%
wool straitIs Wool Strait a popular waterway used in sweater shipping?Wall Street
35%
sinnyLas Vegas is the most sinny city in the USA.sunny
31%
fyouuud?food
22%
nyuukI love it when Curly says "nyuuk nyuuk."New York
20%
cyan ficCyan fic? I've heard of fan fiction but fiction based on obscure colors?scientific
20%
froDo you wear a hair pick in your 'fro?throw
20%
beepsiIf R2D2 had to spell cat would he start with a "beepsi?"BBC
10%
Q-bertI like Q-Bert but I prefer FroggerCuba
10%
seat aleenaI know she has a strange name but could you please ask the hostess to seat Aleena?Saint Helena
6%
koalaKoalas eat eucalyptuscooler
5%
officeWe all know Steve Carell's office was better.air force
1%

Score Distribution

Percentile by Number Answered

Percent of People with Each Score

Your Score History

You have not taken this quiz